00825nam a2200265Ia 450000500170000000800460001702000180006303700130008104000080009404000080010204000080011004100080011804100080012608400080013410000290014224501100017126000150028126000240029626000090032065000210032985600870035094200100043799900210044795200910046820260302114718.0008 260114s9999 xx 000 0 eng d a9798765112892 aTextbook aCRL beng cCRL 2eng aeng qCRL aM. C. Armstrong91119526 0aVeteran Activism and the Global War on Terror Post-9/11 Narratives of Dissent and American War Literature bBloomsbury bBloomsbury Academic c2024 aLiterary Studies uhttps://doi.org/10.5040/9798765112892?locatt=label:secondary_bloomsburyCollections cEBOOK c1683572d1683572 00104070aCRLbCRLd2026-03-02l0pCL1976293r2026-03-02 11:47:18w2026-03-02yEBOOK